000 00493nam a2200193Ia 4500
005 20250603144649.0
008 250603s9999 xx 000 0 und d
020 _a9780340947432
050 _aRM 301.28 .M36/
100 _aMant, Timothy G. K...[et al.]
245 0 _aClinical pharmacology and therapeutics: questions for self assessment
250 _a3rd ed.
260 _aNew York
260 _bCRC Press
260 _c2008
300 _a210 p
650 _aNew York
942 _cBK
999 _c39584
_d39584